An investigation of auditor and client tenure in Malaysian public listed companies / (Record no. 2917)

000 -LEADER
fixed length control field nam a22 a 4500
003 - CONTROL NUMBER IDENTIFIER
control field AKMAL
005 - DATE AND TIME OF LATEST TRANSACTION
control field 20170518153847.0
008 - FIXED-LENGTH DATA ELEMENTS--GENERAL INFORMATION
fixed length control field 170518s2007 my | j b 000 0 eng d
020 ## - INTERNATIONAL STANDARD BOOK NUMBER
International Standard Book Number 9789675091056 (pbk.)
040 ## - CATALOGING SOURCE
Original cataloging agency AKMAL
Transcribing agency AKMAL
082 04 - DEWEY DECIMAL CLASSIFICATION NUMBER
Classification number 657.450959 INV
Edition number 22
090 00 - LOCALLY ASSIGNED LC-TYPE CALL NUMBER (OCLC); LOCAL CALL NUMBER (RLIN)
Classification number (OCLC) (R) ; Classification number, CALL (RLIN) (NR) 657.4509595
Local cutter number (OCLC) ; Book number/undivided call number, CALL (RLIN) INV
245 03 - TITLE STATEMENT
Title An investigation of auditor and client tenure in Malaysian public listed companies /
Statement of responsibility, etc. Wan Azmimi Wan Mohamed ... [et al.]
260 ## - PUBLICATION, DISTRIBUTION, ETC.
Place of publication, distribution, etc. Kuala Lumpur :
Name of publisher, distributor, etc. Institut Integriti Malaysia,
Date of publication, distribution, etc. 2007
300 ## - PHYSICAL DESCRIPTION
Extent x, 35p. ;
Dimensions 23cm.
490 1# - SERIES STATEMENT
Series statement Corporate integrity framework research monograph
504 ## - BIBLIOGRAPHY, ETC. NOTE
Bibliography, etc. note Bibliography: p. 18-20
650 10 - SUBJECT ADDED ENTRY--TOPICAL TERM
Topical term or geographic name entry element Auditor-client relationships
General subdivision Research
Geographic subdivision Malaysia
9 (RLIN) 6118
700 0# - ADDED ENTRY--PERSONAL NAME
Personal name Wan Azmimi Wan Mohamed
9 (RLIN) 6119
830 #0 - SERIES ADDED ENTRY--UNIFORM TITLE
Uniform title Research monograph series in corporate integrity framework
9 (RLIN) 4600
942 ## - ADDED ENTRY ELEMENTS (KOHA)
Source of classification or shelving scheme
Koha item type Book
Holdings
Withdrawn status Lost status Source of classification or shelving scheme Damaged status Not for loan Collection code Home library Current library Shelving location Date acquired Inventory number Total Checkouts Full call number Barcode Date last seen Price effective from Koha item type
          NON-FICTION AKMAL Melaka AKMAL Melaka PINJAMAN 18.05.2017 602512   657.450959 INV 201703331 18.05.2017 18.05.2017 Book
Pusat Sumber Maklumat Dato' Haji Sarmin Md Hussin, Akademi Kastam Diraja Malaysia, Melaka
Tel: 06-2331106 | Faks: 06-2313787